| 000 | 00847nas a2200253 4500 | ||
|---|---|---|---|
| 001 | 6286 | ||
| 003 | GR-kaGGEEl | ||
| 005 | 20220622205358.0 | ||
| 035 | _a8991 | ||
| 090 | _a6286 | ||
| 100 | _a20100512a k y0grey50 ga | ||
| 101 | 0 | _agre | |
| 102 | _aCY | ||
| 106 | _ae | ||
| 110 | _ac||| 0||| | ||
| 200 | 1 | _aΜεσημβρινή Κύπρου [εφημερίδα] | |
| 300 | _aΗ βιβλιοθήκη διαθέτει τα εξής: 1970 (Ιαν.-Ιουν.), 1973 (Ιαν.-Οκτ.), 1974 (Μαρτ.-Ιουν.) | ||
| 300 | _aΗ εφημερίδα είναι δεμένη σε 4 τόμους μεγάλου μεγέθους. | ||
| 606 | 1 |
_aΤύπος, Κυπριακός _923970 |
|
| 607 |
_aΚύπρος _xΕφημερίδες _916682 |
||
| 676 | _a079.5645 | ||
| 942 | _cCR | ||